La habanera [ (Record no. 168868)

MARC details
000 -LEADER
campo de control de longitud fija 00589nam a22001695i 4500
001 - NÚMERO DE CONTROL
campo de control 168868
003 - IDENTIFICADOR DE NÚMERO DE CONTROL
campo de control ES-MaACL
005 - FECHA Y HORA DE LA ÚLTIMA TRANSACCIÓN
campo de control 20230906213920.0
008 - DATOS DE LONGITUD FIJA--INFORMACIÓN GENERAL
campo de control de longitud fija 080617s1907 fr |||| | fre d
080 ## - NÚMERO DE LA CLASIFICACIÓN DECIMAL UNIVERSAL
Número de la Clasificación Decimal Universal 782.089.6
100 1# - ENTRADA PRINCIPAL--NOMBRE DE PERSONA
Nombre de persona Laparra, Raoul.
9 (RLIN) 137996
245 13 - MENCIÓN DEL TÍTULO
Título La habanera [
Medio música impresa]
Resto del título : drame lyrique en 3 actes /
Mención de responsabilidad, etc. Raoul Laparra.
260 ## - PUBLICACIÓN, DISTRIBUCIÓN, ETC.
Lugar de publicación, distribución, etc. Paris :
Nombre del editor, distribuidor, etc. Enoch et Cie.,
Fecha de publicación, distribución, etc. [1907]
300 ## - DESCRIPCIÓN FÍSICA
Extensión 1 partitura vocal ( [10],193 p.) ;
Dimensiones 28 cm.
650 14 - PUNTO DE ACCESO ADICIONAL DE MATERIA--TÉRMINO DE MATERIA
Término de materia o nombre geográfico como elemento de entrada Óperas-
Subdivisión general Partituras vocales.
9 (RLIN) 137997
852 4# - LOCALIZACIÓN
Ubicación ES-MaACL
Número de control de estantería L-29330
itemnumber R.141095
Nota libre Biblioteca Jacinto Martínez Lacalle
Holdings
Estatus retirado Estado de pérdida Fuente del sistema de clasificación o colocación Estado de daño No para préstamo Colección Biblioteca de origen Biblioteca actual Ubicación en estantería Fecha de adquisición Total de préstamos Signatura topográfica completa Código de barras Visto por última vez Precio de reemplazo Tipo de ítem Koha
    Clasificación decimal universal     Música impresa Biblioteca del Ateneo de Madrid Biblioteca del Ateneo de Madrid Depósito 2 17/06/2008   L-29330 1177222 23/02/2023 23/02/2023 Partitura